J'attendrai - Dalida - Paroles - Statistiques

Statistiques générales
  • Ce quiz a été pris 21 fois
  • Le résultat moyen est 115 sur 159
Statistiques - réponses
Hint Réponse % Correct
et
100%
- J'attendrai
100%
j'attendrai
100%
jour
100%
la
100%
le
100%
nuit
100%
retour
100%
ton
100%
toujours
100%
mon
81%
qui
81%
coeur
75%
dans
75%
temps
75%
car
69%
passe
69%
si
69%
ma
63%
chercher
56%
court
56%
des
56%
lourd
56%
s'enfuit
56%
son
56%
tristement
56%
en
50%
l'oiseau
50%
pourtant
50%
vient
50%
l'oubli
44%
nid
44%
ne
38%
battant
31%
plus
31%
rien
25%
m'apporte
19%
vain
19%
vent
19%
bruits
13%
j'écoute
13%
lointains
13%
porte
13%
guettant
6%
hélas
6%
Aucun quiz correspondant
Distribution des résultats
% des personnes avec chaque résultat
Percentile par nombre de réponses
Votre historique - résultats
Vous n’avez pas pris ce quiz